000 00268nam a2200097Ia 4500
082 _aEJF NEWC
245 0 _aFive little ducks and other action rhymes
100 _a NEWCOME, Zita London, 2009
_970934
942 _cBK
008 210817s9999 xx 000 0 und d
999 _c316484
_d316483